¿Y si firman la paz?

Guardado en:
書目詳細資料
企業作者: Instituto de Investigación y Autoformación Política
格式: Texto
出版: Guatemala: El Instituto
標簽: 添加標簽
沒有標簽, 成為第一個標記此記錄!

MARC

LEADER 00000 a a2200000 04500
001 12475
003
040
090 |a 030200  
110 |a Instituto de Investigación y Autoformación Política  
245 |a ¿Y si firman la paz?  
260 |a Guatemala:   |b El Instituto  
300 |a 16 p.  
300 |b **no definido**   |b il.  
999 |c 2327  |d 2327